000 00287nam a22001337a 4500
008 170524b xxu||||| |||| 00| 0 eng d
020 _a3540102035
041 _aGER
080 _a621.3
100 _a26
101 _aIM
245 _aHALBEILTER-ELEKTRONIK
_cHARTH, W
942 _2udc
_cBK
999 _c14143
_d14143